| 000 | 00556nam a2200241 a 4500 | ||
|---|---|---|---|
| 001 | nice12345678 | ||
| 003 | IN_TiNIC | ||
| 005 | 20260116012526.0 | ||
| 008 | 050524s1983 iraa grp 000 0 eng | ||
| 020 |
_a _c100 |
||
| 082 | 0 | 0 |
_a955.054 _bFAR |
| 100 | _aFaridani, H | ||
| 245 | _aImposed War | ||
| 260 |
_aIran _bMinistry of Islamic Guidance _c1983 |
||
| 300 | _a70p | ||
| 500 | _aincludes index and biblioraphy | ||
| 505 | 2 | _aIndex | |
| 650 | _aIran-Iraq War | ||
| 700 | 1 | _aFaridani, H | |
| 902 | _bSRS | ||
| 942 | _cBK | ||
| 999 |
_c7356 _d7356 |
||